Priemyselný turizmus - silný marketingový nástroj diplomová práca

Na minha lista:
Detalhes bibliográficos
Autor principal: Miklušová, Nikola
Autor Corporativo: Podnikovohospodárska fakulta EU so sídlom v Košiciach. Katedra informačnej a jazykovej komunikácie
Outros Autores: Tarča, Alexander
Formato: Livro
Idioma:eslovaco
Publicado em: Košice 2017
Tags: Adicionar Tag
Sem tags, seja o primeiro a adicionar uma tag!

MARC

LEADER 00000nbm a2200000 4500
001 0231578
005 20171121124803.2
041 0 |a slo 
044 |a SK 
245 1 0 |a Priemyselný turizmus - silný marketingový nástroj  |b diplomová práca  |c Nikola Miklušová ; školiteľ: Alexander Tarča 
264 1 |a Košice  |c 2017 
300 |a 64 s. 
100 1 |a Miklušová, Nikola 
700 1 |a Tarča, Alexander 
710 2 |a Podnikovohospodárska fakulta EU so sídlom v Košiciach. Katedra informačnej a jazykovej komunikácie